000 00198nam a22000977a 4500
003 SGT
245 _aTHE AMERICAN JOURNAL OF PUBLIC HEALTH
260 _bAPHA AMERICA
300 _a827
942 _2ddc
_cBV
999 _c18909
_d18909